000 01806cam a22004694i 4500
003 PE-LiUPU
005 20250731172825.0
008 150617s1978 nyu r 000 0 eng d
020 _a0529056526
020 _a9780529056528
035 _a(Sirsi) i9780529056528
040 _aPE-LiUPU
_bspa
_cPE-LiUPU
_erda
049 _aPRUA
082 0 4 _a262.13
_bH32
_221
100 1 _aHebblethwaite, Peter,
_eautor.
245 1 4 _aThe year of three popes /
_cPeter Hebblethwaite.
264 1 _aNew York :
_bCollins,
_c1978.
300 _a220 páginas ;
_c21 centímetros
336 _atext
_2rdacontent
337 _aunmediated
_2rdamedia
338 _avolume
_2rdacarrier
505 0 _aThe homegoing -- Pope Paul's heritage to the church -- The wjole world his parish -- Count-down to the conclave -- Plots and the holy spirit -- The August conclave -- Albino who? -- Patriarch of venice -- The thirty-three day pope -- Once more unto the breach -- The october conclave -- The wojtyla story -- Archbishop of krakow -- Pope John Paul II.
526 _aSEG42
526 _aSEG41
526 _aSEG40
526 _aSEG39
526 _aP94
526 _aP87
526 _aP86
526 _aP85
526 _aP77
526 _aP76
526 _aP35
650 0 4 _aIGLESIA CATOLICA - JERARQUIA
_xPAPAS.
910 _ajck
_bjvq
_cjck
_d20150616
942 _2ddc
_cBOOK
949 _a262.13 H32
_wDEWEY
_c1
_i18440
_lCCODEBUL1
_mBUL
_r0
_sY
_tBOOK
_u2015-6-17
_xTEOLOGIA
_PP35
_0COMPRA
_o.STAFF. Colección Teología
994 _aC0
_bPEPRU
596 _a1
999 _a262.13 H32
_wDEWEY
_c5602
_i18440
_f2021-11-10
_g6
_lCCODEBUL1
_mBUL
_p30.00
_r0
_sY
_tBOOK
_u2015-6-17
_xTEOLOGIA
_PP35
_0COMPRA
_o.STAFF. Colección Teología
_d5602
980 _81
_gALBERTO SANCHEZ Responsable de Automatización